Lego my Ego Quiz - Statistics

General Stats
  • This quiz has been taken 5 times
  • The average score is 4 of 17
Answer Stats
Hint Answer % Correct
What did Batman take from Han Solo? hyperdrive
67%
Were they ready for Shaqs Basketball cannon? Yes
67%
How many cats does Emmet say hi too? 11
33%
Where is Emmet from? Bricksburg
33%
Where is Unikitty from? Cloud Cuckoo Land
33%
Who is Superman next to when he is captured? Green Lantern
33%
What is the pirate's name? Metalbeard
33%
What is the prison called that all the masterbuilders are in? Think Tank
33%
Who is Batman there to see when he is at the security gate? your butt
33%
How many times is the word "lego" said in the lego movie? zero
33%
How much was a cup of coffee? $37
0%
When are you supposed to drop of dry cleaning? before noon
0%
What floor is Lord Business's office on? Infinityeth
0%
What are the security guards in the Octan Tower that Metalbeard was worried about? Laser Sharks
0%
What is the Medieval realm with knights and dragons called? Middle Zealand
0%
What company does Lord Business run? Octan Corporation
0%
What does Bruce Wayne suggest to add to the Kragle arm in the conference room? sound system
0%
No matching quizzes found
Score Distribution
Percent of People with Each Score
Percentile by Number Answered
Your Score History
You have not taken this quiz